<?xml version="1.0" encoding="UTF-8"?>
<record
    xmlns:xsi="http://www.w3.org/2001/XMLSchema-instance"
    xsi:schemaLocation="http://www.loc.gov/MARC21/slim http://www.loc.gov/standards/marcxml/schema/MARC21slim.xsd"
    xmlns="http://www.loc.gov/MARC21/slim">

  <leader>00486nam a22001577a 4500</leader>
  <datafield tag="082" ind1=" " ind2=" ">
    <subfield code="a">541.3 SEL </subfield>
  </datafield>
  <datafield tag="100" ind1=" " ind2=" ">
    <subfield code="a">Selvaratnam,M</subfield>
  </datafield>
  <datafield tag="245" ind1=" " ind2=" ">
    <subfield code="a">&#xDBB;&#xDC3;&#xDCF;&#xDBA;&#xDB1; &#xDC0;&#xDD2;&#xDAF;&#xDCA;&#x200D;&#xDBA;&#xDCF;&#xDC0;: Physical Chemistry Part 111 Block 4 :Vol 1</subfield>
  </datafield>
  <datafield tag="260" ind1=" " ind2=" ">
    <subfield code="a">Colombo</subfield>
    <subfield code="b">Open University</subfield>
    <subfield code="c">1985</subfield>
  </datafield>
  <datafield tag="300" ind1=" " ind2=" ">
    <subfield code="a">93p</subfield>
  </datafield>
  <datafield tag="490" ind1=" " ind2=" ">
    <subfield code="a">Physical chemistry PSUIIC2</subfield>
  </datafield>
  <datafield tag="505" ind1=" " ind2=" ">
    <subfield code="a">Bachelor Science :Level 3</subfield>
  </datafield>
  <datafield tag="650" ind1=" " ind2=" ">
    <subfield code="a">chemistry</subfield>
    <subfield code="a">Physical chemistry</subfield>
    <subfield code="a">&#xDBB;&#xDC3;&#xDCF;&#xDBA;&#xDB1; &#xDC0;&#xDAF;&#xDCA;&#x200D;&#xDBA;&#xDCF;&#xDC0;</subfield>
  </datafield>
  <datafield tag="650" ind1=" " ind2=" ">
    <subfield code="a">OUSL</subfield>
  </datafield>
  <datafield tag="942" ind1=" " ind2=" ">
    <subfield code="c">BK</subfield>
  </datafield>
  <datafield tag="999" ind1=" " ind2=" ">
    <subfield code="c">860</subfield>
    <subfield code="d">860</subfield>
  </datafield>
  <datafield tag="952" ind1=" " ind2=" ">
    <subfield code="0">0</subfield>
    <subfield code="1">0</subfield>
    <subfield code="7">0</subfield>
    <subfield code="8">NFIC</subfield>
    <subfield code="a">IC</subfield>
    <subfield code="b">IC</subfield>
    <subfield code="c">GEN</subfield>
    <subfield code="d">2015-06-02</subfield>
    <subfield code="h">sinhala :&#xDC3;&#xDD2;&#xD82;&#xDC4;&#xDC5;</subfield>
    <subfield code="l">0</subfield>
    <subfield code="o">541.3 SEL</subfield>
    <subfield code="p">001375</subfield>
    <subfield code="r">2015-06-02 00:00:00</subfield>
    <subfield code="y">REF</subfield>
  </datafield>
</record>
